London Underground - Hammersmith & City Line - Statistics

General Stats
  • This quiz has been taken 64 times
  • The average score is 19 of 29
Answer Stats
Station % Correct
Hammersmith
97%
Farringdon
86%
Barbican
83%
Barking
83%
Aldgate East
79%
Liverpool Street
76%
Shepherd's Bush Market
76%
Moorgate
72%
Paddington
72%
Baker Street
69%
Euston Square
69%
Goldhawk Road
69%
Great Portland Street
69%
Edgware Road
66%
Latimer Road
66%
West Ham
66%
Wood Lane
66%
Bow Road
62%
East Ham
62%
King's Cross St Pancras
62%
Ladbroke Grove
62%
Plaistow
62%
Westbourne Park
62%
Stepney Green
59%
Bromley-by-Bow
55%
Mile End
55%
Royal Oak
52%
Whitechapel
52%
Upton Park
41%
No matching quizzes found
Score Distribution
Percent of People with Each Score
Percentile by Number Answered
Your Score History
You have not taken this quiz